Brawl Stars Star Powers - Statistics

General Stats
  • This quiz has been taken 279 times
    258 since last reset
  • The average score is 20 of 84
Answer Stats
Brawler Star Power % Correct
Band-Aid
86%
Shelly Shell Shock
79%
Hype
69%
Hyper Bear
66%
Dynamike Dyna-Jump
62%
Nita Bear With Me
54%
Colt Slick Boots
51%
Demolition
43%
Sponge
43%
Magnum Special
41%
El Primo El Fuego
39%
Edgar Hard Landing
39%
Shocky
39%
Screeching Solo
36%
Tick Well Oiled
36%
Tough Guy
35%
Jessie Energize
34%
Piper Ambush
31%
Bull Berserker
31%
Coiled Snake
31%
Pam Mama's Hug
30%
Curveball
29%
Poco Da Capo!
29%
Bibi Home Run
29%
Snare a Bear
28%
Mama's Squeeze
26%
Frank Power Grab
26%
Robo Retreat
26%
Snappy Sniping
26%
Emz Bad Karma
25%
8-BIT Boosted Booster
25%
Meteor Rush
25%
Rico Super Bouncy
25%
Bo Circling Eagle
24%
Mortis Creepy Harvest
24%
Darryl Steel Hoops
24%
Extra Life
23%
Automa-Tick Reload
22%
Extra Noxious
22%
Spike Fertilize
22%
Brock Incendiary
22%
Hardy Hard Hat
21%
Thorny Gloves
21%
Jacky Counter Crush
20%
Invisiheal
20%
Healing Shade
19%
Nani Autofocus
18%
Rolling Reload
18%
Run n' Gun
18%
Carrion Crow
16%
Crow Extra Toxic
16%
Gene Magic Puffs
16%
Barley Medical Use
16%
Colette Push It
16%
Spirit Slap
16%
Surge To The Max!
16%
Balls of Fire
15%
Batting Stance
15%
Byron Malaise
15%
Healing Winds
14%
Honey Coat
14%
Rosa Plant Life
14%
Protective Pirouette
14%
Tempered Steel
14%
Tara Black Portal
13%
Sandy Rude Sands
13%
Hypothermia
12%
Bea Insta Beeload
12%
Carl Power Throw
12%
Serve Ice Cold
12%
Leon Smoke Trails
12%
Penny Last Blast
11%
Sprout Overgrowth
10%
Rocket No. Four
10%
Mr. P Handle With Care
9%
Photosynthesis
9%
Mass Tax
8%
Gale Blustery Blow
6%
Max Super Charged
6%
Freezing Snow
5%
Scorchin' Siphon
4%
Lou Supercool
4%
Tin Can
3%
Amber Wild Flames
3%
No matching quizzes found
Score Distribution
Percent of People with Each Score
Percentile by Number Answered
Your Score History
You have not taken this quiz since the last reset